Click a Don Quiz Stats

 Plays Quiz Updated Jun 18, 2014

Support Sporcle.
Go Orange.
Score 0/20 Timer 06:00
4 Plays Today
% Correct
Donny Osmond
91.6%
Donald Trump
90.3%
Don King
87.2%
Don McLean
85.3%
Donnie Wahlberg
85.1%
Don Cheadle
83%
Don Henley
79.9%
Don Johnson
79.1%
Donald Sutherland
77%
Don Rickles
75.8%
% Correct
Don Ho
75.3%
Don Knotts
72.4%
Don Mattingly
72.3%
Don Shula
71.1%
Don Imus
70.2%
Donny Most
64.8%
Don Adams
63.3%
Don Ameche
61.7%
Donald O'Connor
58.3%
Don Pardo
57.9%

You're not logged in!

Compare scores with friends on all Sporcle quizzes.
OR
Log In

From the Vault

Movies by Missing Number

by fish317

When you run out of letters, any old number will do.
Remove Ads.
Support Sporcle.
Get the best of Sporcle when you Go Orange. This ad-free experience offers more features, more stats, and more fun while also helping to support Sporcle. Thank you for becoming a member.

Show Comments

Extras

Top Quizzes Today


Score Distribution

Your Account Isn't Verified!

In order to create a playlist on Sporcle, you need to verify the email address you used during registration. Go to your Sporcle Settings to finish the process.

Report this User

Report this user for behavior that violates our Community Guidelines.

Details: